|
|
|
|
| LEADER |
00882nam a2200253 i 4500 |
| 001 |
c000250497 |
| 003 |
CARM |
| 005 |
00000000000000.0 |
| 008 |
840313s1972 nyua b 000 0 eng d |
| 019 |
1 |
|
|a 572015
|5 LACONCORD2021
|
| 035 |
|
|
|a (OCoLC)329082
|5 LACONCORD2021
|
| 082 |
0 |
4 |
|a 371.26
|
| 100 |
1 |
|
|a Miller, David Monroe,
|d 1940-
|
| 245 |
1 |
0 |
|a Interpreting test scores.
|
| 260 |
|
|
|a New York :
|b Wiley,
|c [1972].
|
| 300 |
|
|
|a 162 p. :
|b ill.
|
| 440 |
|
0 |
|a Wiley self-teaching guides
|
| 500 |
|
|
|a Bibliography: p.149-150.
|
| 650 |
|
0 |
|a Educational tests and measurements.
|
| 650 |
|
0 |
|a Intelligence tests.
|
| 650 |
|
0 |
|a Psychological tests.
|
| 852 |
8 |
|
|b CARM
|h A1:AP19D0
|i C09229
|p 0371680
|f BK
|
| 999 |
f |
f |
|i 15bbb478-fdef-5de0-b7a0-f8ace2e68726
|s 9ae4c076-3375-50b1-901e-ea69ed527e46
|
| 952 |
f |
f |
|p Can circulate
|a CAVAL
|b CAVAL
|c CAVAL
|d CARM 1 Store
|e C09229
|f A1:AP19D0
|h Other scheme
|i book
|m 0371680
|